Design of concrete structures (Record no. 3622)

000 -LEADER
fixed length control field 00547nam a22002057a 4500
001 - CONTROL NUMBER
control field 3622
003 - CONTROL NUMBER IDENTIFIER
control field BD-DhUET
008 - FIXED-LENGTH DATA ELEMENTS--GENERAL INFORMATION
fixed length control field 141102b xxu||||| |||| 00| 0 eng d
040 ## - CATALOGING SOURCE
Transcribing agency 0
Modifying agency BD-DhUET
082 ## - DEWEY DECIMAL CLASSIFICATION NUMBER
Classification number 624.183
Item number WIN/1972
100 ## - MAIN ENTRY--PERSONAL NAME
Personal name Winter, George
245 ## - TITLE STATEMENT
Title Design of concrete structures
Statement of responsibility, etc. by George Winter and Arthur H. Nilson
250 ## - EDITION STATEMENT
Edition statement 8th ed.
260 ## - PUBLICATION, DISTRIBUTION, ETC. (IMPRINT)
Place of publication, distribution, etc. New York
Name of publisher, distributor, etc. McGraw-Hill
Date of publication, distribution, etc. 1972
300 ## - PHYSICAL DESCRIPTION
Extent xii,615p.
504 ## - BIBLIOGRAPHY, ETC. NOTE
Bibliography, etc Includes bibliographies
650 #0 - SUBJECT ADDED ENTRY--TOPICAL TERM
Topical term or geographic name as entry element Reinforced concrete
700 ## - ADDED ENTRY--PERSONAL NAME
Personal name Nilson, Arthur H.
942 ## - ADDED ENTRY ELEMENTS (KOHA)
Koha item type General Book
Holdings
Not for loan Date acquired Shelving location Koha date last seen Damaged status Koha date last borrowed Lost status Koha item type Location (home branch) Price effective from Source of classification or shelving scheme Sublocation or collection (holding branch) Withdrawn status Piece designation (barcode) Koha normalized classification for sorting Koha full call number Copy number Koha issues (times borrowed)
 2014-11-02Circulation section2025-06-18 2025-05-26 General BookCentral Library, BUET2014-11-02 Central Library, BUET 39870624_183000000000000_WIN_1972624.183/WIN/197212
 2014-11-02Circulation section2025-05-28 2025-05-26 General BookCentral Library, BUET2014-11-02 Central Library, BUET 44253624_000000000000000_183WIN1972624.183/WIN/197221
 2014-11-18Circulation section2014-11-18   General BookCentral Library, BUET2014-11-18 Central Library, BUET 39869624_000000000000000_183WIN1972624.183/WIN/19723 
 2014-11-18Circulation section2014-11-18   General BookCentral Library, BUET2014-11-18 Central Library, BUET 39871624_000000000000000_183WIN1972624.183/WIN/19724 
 2015-02-22Circulation section2025-06-28 2025-05-27 General BookCentral Library, BUET2015-02-22 Central Library, BUET 42844624_183000000000000_WIN_1972624.183/WIN/197252
 2015-02-22Circulation section2015-02-22   General BookCentral Library, BUET2015-02-22 Central Library, BUET 54930624_183000000000000_WIN_1972624.183/WIN/19726 
 2015-05-07Circulation section2025-05-27 2025-05-26 General BookCentral Library, BUET2015-05-07 Central Library, BUET 45112624_183000000000000_WIN_1972624.183/WIN/197271